ALL LANDLOCKED COUNTRIES - Statistics

General Stats
  • This quiz has been taken 43 times
  • The average score is 40 of 51
Answer Stats
Answer % Correct
kazakhstan
95%
mongolia
92%
switzerland
92%
Bhutan
89%
niger
89%
Tajikistan
89%
uzbekistan
89%
Andorra
87%
bolivia
87%
chad
87%
Luxembourg
87%
nepal
87%
paraguay
87%
serbia
87%
armenia
84%
austria
84%
belarus
84%
Central African Republic
84%
Hungary
84%
kosovo
84%
Lesotho
84%
Liechtenstein
84%
mali
84%
san marino
84%
Slovakia
84%
Czech Republic
82%
rwanda
82%
South Sudan
82%
turkmenistan
82%
Vatican City
82%
Afghanistan
79%
Burkina Faso
79%
Burundi
79%
Zimbabwe
76%
Botswana
74%
eswatini
74%
ethiopia
74%
laos
74%
Malawi
74%
Moldova
74%
Zambia
74%
Azerbaijan
71%
uganda
71%
macedonia
58%
Georgia
55%
romania
55%
Bulgaria
53%
jordan
53%
kyrgyzstan
50%
ukraine
50%
iraq
47%
No matching quizzes found
Score Distribution
Percent of People with Each Score
Percentile by Number Answered
Your Score History
You have not taken this quiz